| 000 | 00607nam a2200229Ia 4500 | ||
|---|---|---|---|
| 003 | OSt | ||
| 005 | 20220928110057.0 | ||
| 006 | a|||||r|||| 00| 0 | ||
| 007 | ta | ||
| 008 | 220927b |||||||| |||| 00| 0 eng d | ||
| 024 | _a62884 | ||
| 037 | _cTextual | ||
| 040 |
_aSDCL _cSDCL _beng |
||
| 041 |
_2eng _aeng |
||
| 082 | _aO15:gxD63,1, 152L3 | ||
| 100 |
_aGupta Darmendra Kumar _9418023 |
||
| 245 | 0 | _aKavyadarsa. | |
| 260 |
_aDelhi _bMeharchand _c1973 |
||
| 300 |
_a426p. _ccm. |
||
| 942 |
_hO15:gxD63,1, 152L3 _cTEXL _2CC |
||
| 999 |
_c734016 _d734016 |
||